000 00679nam a22002057a 4500
999 _c157977
_d157977
005 20181014113659.0
010 _aENG-124267
020 _c240.00
035 _a EN-107799
037 _bDBAD/PUB.
082 _a181.46
100 _aChattopadhyaya, Rajagopal
245 _aSwami vivekananda in the west /
_cby Rajagopal Chattopadhyaya
250 _a3rd edition
260 _aCalcutta
_bRajagopal Chattopadhyaya
_c2012
270 _aBF-308, Salt Lake, Sector-1
_bCalcutta
_e700064
300 _a260p.
_c21cm(Hb)
_bill.
500 _aIt includes chronological record, select bibliography, index and chronological apendices
942 _2ddc
_cEN
_mCHA
_h181.46